000 00284nam a22001337a 4500
008 170919b xxu||||| |||| 00| 0 eng d
020 _a0892362472
041 _aeng
080 _a7
100 _a44
101 _aART
245 _aAMERICAN ICONS
_cGAEHTGENS, TH.W
942 _2udc
_cBK
999 _c28270
_d28270